[Event "HCL-A2610"]
[Site "www.playchess.de"]
[Date "2006.03.02"]
[Round "9"]
[White "Matu"]
[Black "lunchpail"]
[WhiteElo "1525"]
[BlackElo "1433"]
[PlyCount "73"]
[Result "1-0"]

1.Nf3 Nf6 2.b3 d6 3.Bb2 e5 4.g3 Be7 5.Bg2 O-O 
6.O-O Nc6 7.e3 Bd7 8.d4 Bg4 9.dxe5 Nxe5 10.Bxe5 
dxe5 11.Qxd8 Raxd8 12.Nxe5 Bf5 13.Bxb7 Bxc2 14.Nc6 
Rd7 15.Nxe7+ Rxe7 16.Na3 Be4 17.Bxe4 Nxe4 
{(offering draw)}  18.Rac1 a6 19.Rc6 Ra8 20.Rfc1 
Ra7 21.Nc2 Kf8 22.Nb4 a5 23.Nd5 Rd7 24.Nxc7 g6 
25.Nb5 Rab7 26.Nd4 Rba7 27.Kf1 a4 28.b4 Rdb7 29.a3 
Nd2+ 30.Ke2 Nb3 31.R1c3 Nxd4+ 32.exd4 Ke7 33.d5 
Kd7 34.Rf3 f5 35.Rfc3 Rb8 36.d6 Rbb7 
37.Ke3 1-0

[Event "HCL-A2562"]
[Site "www.playchess.de"]
[Date "2006.03.02"]
[Round "2"]
[White "Salsa"]
[Black "Macko"]
[WhiteElo "1200"]
[BlackElo "1766"]
[PlyCount "40"]
[Result "0-1"]

1.Nf3 Nc6 2.d4 d5 3.c3 Bf5 4.Nbd2 Qd7 5.e3 a6 6.c4 
e6 7.Nh4 dxc4 8.Nxc4 O-O-O 9.a4 e5 10.Bd2 Bg4 
11.Qc2 exd4 12.e4 d3 13.Qb3 Qe7 14.Bxd3 Qxh4 
15.Nb6+ cxb6 16.Qxb6 Rxd3 17.Bf4 Bb4+ 18.Kf1 Qe7 
19.f3 Bxf3 20.gxf3 Rxf3+ 0-1

[Event "HCL-B3895"]
[Site "www.playchess.de"]
[Date "2006.03.02"]
[Round "18"]
[White "Ultimate"]
[Black "pera"]
[WhiteElo "1681"]
[BlackElo "1026"]
[PlyCount "23"]
[Result "1-0"]

1.e4 e5 2.Nc3 Bb4 3.Bc4 Bxc3 4.dxc3 Qe7 5.Ne2 Nf6 
6.Ng3 c6 7.O-O O-O 8.Qf3 b5 9.Nf5 Qc5 10.Nxg7 Qd6 
11.Nf5 Qc5 12.Qg3+ 1-0

[Event "HCL-B3881"]
[Site "www.playchess.de"]
[Date "2006.03.02"]
[Round "11"]
[White "PANDURANGAIAH"]
[Black "Mosselman"]
[WhiteElo "1011"]
[BlackElo "1345"]
[PlyCount "26"]
[Result "0-1"]

1.e4 c5 2.Nf3 Nc6 3.d3 g6 4.h3 Bg7 5.c3 e6 6.Be2 
Nge7 7.O-O O-O 8.Be3 b6 9.Nbd2 Bb7 10.Re1 d5 
11.exd5 Nxd5 12.Ne4 Nxe3 13.fxe3 
Ne5 0-1

[Event "HCL-C4161"]
[Site "www.playchess.de"]
[Date "2006.03.02"]
[Round "10"]
[White "EdDaChed"]
[Black "IRONMAIDEN"]
[WhiteElo "1103"]
[BlackElo "1252"]
[PlyCount "35"]
[Result "1-0"]

1.d4 d5 2.Nc3 Nf6 3.Bf4 e6 4.e3 Bb4 5.a3 Bxc3+ 
6.bxc3 O-O 7.Qf3 Bd7 8.a4 b6 9.Bb5 a5 10.Bd3 Qe7 
11.Bxc7 Rc8 12.Bxb6 Rxc3 13.Ne2 Rc6 14.Bc5 Qe8 
15.Nf4 Rc7 16.Nh5 Nxh5 17.Qxh5 Rb7 
18.Qxh7+ 1-0

[Event "HCL-A2520"]
[Site "www.playchess.de"]
[Date "2006.03.02"]
[Round "3"]
[White "MindenFele"]
[Black "Smallville2006"]
[WhiteElo "1553"]
[BlackElo "1700"]
[PlyCount "49"]
[Result "1-0"]

1.e4 {Nice to meet you. Good luck.}  c5 2.Nf3 d6 
3.d4 cxd4 4.Nxd4 Nf6 5.Nc3 a6 6.Bg5 Nbd7 7.Bc4 Qa5 
8.Qd2 e6 9.O-O-O h6 10.Bh4 g5 11.Bg3 Ne5 12.Bb3 
Bd7 13.h4 g4 14.f4 gxf3 15.gxf3 b5 16.f4 b4 
17.fxe5 bxc3 18.bxc3 Nxe4 19.Qe3 d5 20.Be1 Qa3+ 
21.Kb1 a5 22.Rh2 a4 23.c4 axb3 24.cxb3 h5 
25.Nb5 1-0

[Event "HCL-M885"]
[Site "www.playchess.de"]
[Date "2006.03.02"]
[Round "6"]
[White "PamperedPawn"]
[Black "Eishockeytorwart"]
[WhiteElo "2369"]
[BlackElo "1942"]
[PlyCount "45"]
[Result "1-0"]

1.e4 {Welcome@  looking to a good game.}  e5 
{welcome from germany}  2.Nf3 Nc6 3.Bb5 a6 4.Ba4 
Nf6 5.O-O Be7 6.Nc3 b5 7.Bb3 d6 8.Nd5 Nxe4 9.d4 
Bb7 10.Qe2 f5 11.a4 Na5 12.Ba2 bxa4 13.Rd1 Nb3 
14.Qc4 Bxd5 15.Qxd5 Nxa1 16.Qf7+ Kd7 17.Qxf5+ Ke8 
18.Qxe4 Rb8 19.Bd5 a3 20.dxe5 axb2 21.Bc6+ Kf8 
22.Bxb2 Rxb2 23.Nd4 1-0

[Event "HCL-A2604"]
[Site "www.playchess.de"]
[Date "2006.03.02"]
[Round "5"]
[White "Sobral"]
[Black "badplayer"]
[WhiteElo "1438"]
[BlackElo "1572"]
[PlyCount "61"]
[Result "1-0"]

1.e4 c5 2.Nf3 d6 3.d4 cxd4 4.Nxd4 Nf6 5.Nc3 a6 
6.Be2 e6 7.O-O Be7 8.f4 Nbd7 9.Kh1 b5 10.Nc6 Qc7 
11.Nxe7 Kxe7 12.Bf3 Bb7 13.a3 Rac8 14.Re1 h5 15.e5 
dxe5 16.Bxb7 Qxb7 17.fxe5 Ng4 18.Qd6+ Ke8 19.Bg5 
Ndxe5 20.h3 Nc4 21.Rxe6+ fxe6 22.Qxe6+ Kf8 23.Rf1+ 
Nf6 24.Bxf6 gxf6 25.Rxf6+ Kg7 26.Rg6+ Kf8 27.Qf6+ 
Qf7 28.Qxh8+ Ke7 29.Qxh5 Rd8 30.Qg5+ Kd7 
31.Rg7 1-0

[Event "HCL-B3845"]
[Site "www.playchess.de"]
[Date "2006.03.02"]
[Round "20"]
[White "IRONMAIDEN"]
[Black "taroak"]
[WhiteElo "1268"]
[BlackElo "1375"]
[PlyCount "59"]
[Result "1-0"]

1.d4 {Hello!}  Nf6 {Gruss Dich!}  2.Nc3 d5 3.Bf4 
Nbd7 4.e3 c5 5.Nf3 g6 6.Bb5 Bg7 7.O-O b6 8.dxc5 
bxc5 9.Ne5 O-O 10.Nxd7 Nxd7 11.Qxd5 Rb8 12.Bxd7 e5 
13.Bxc8 Qxc8 14.Bxe5 Rd8 15.Qf3 Bxe5 16.Rab1 Rd2 
17.Ne4 Rxc2 18.Nf6+ Bxf6 19.Qxf6 Rb6 20.Qe5 Qa6 
21.Rfd1 Qc8 22.Rd6 Rbxb2 23.Rbd1 f6 24.R6d8+ Qxd8 
25.Rxd8+ Kg7 26.Qe7+ Kh6 27.Qf8+ Kg5 28.Rd5+ f5 
29.h4+ Kg4 30.Qh6 1-0

[Event "HCL-B3897"]
[Site "www.playchess.de"]
[Date "2006.03.02"]
[Round "5"]
[White "mattyboi"]
[Black "schnitzly"]
[WhiteElo "949"]
[BlackElo "1286"]
[PlyCount "48"]
[Result "0-1"]

1.e4 e5 2.Nf3 Nf6 3.Bd3 Nc6 4.Nc3 Bc5 5.Bc4 O-O 
6.Ng5 h6 7.Nh3 d6 8.Nd5 Nxd5 9.exd5 Nd4 10.c3 Bxh3 
11.gxh3 Nf5 12.Qc2 g6 13.h4 Qxh4 14.Rf1 Qxc4 15.d3 
Qh4 16.b4 Bb6 17.d4 exd4 18.cxd4 Nxd4 19.Qa4 Nf3+ 
20.Ke2 Nxh2 21.Ke1 Rfe8+ 22.Kd1 Nxf1 23.Qb3 Qxf2 
24.Qc3 Qe2+ 0-1

[Event "HCL-E1505"]
[Site "www.playchess.de"]
[Date "2006.03.02"]
[Round "20"]
[White "Toni76"]
[Black "Roberto_Sammi"]
[WhiteElo "1819"]
[BlackElo "2000"]
[PlyCount "61"]
[Result "1-0"]

1.d4 {Hi good luck!}  d5 2.c4 Nf6 {Hi good luck!}  
3.cxd5 Nxd5 4.e4 Nf6 5.Nc3 e6 6.Nf3 c5 7.d5 exd5 
8.exd5 Bd6 9.Bb5+ Nbd7 10.O-O O-O 11.Bg5 h6 12.Bh4 
Nb6 13.Qd2 Bg4 14.Be2 Re8 15.Rfe1 a6 16.Rad1 Bxf3 
17.Bxf3 Rxe1+ 18.Rxe1 Nbd7 19.Ne4 Nxe4 20.Rxe4 g5 
21.Bg3 Nf6 22.Re1 Bxg3 23.hxg3 Qd6 24.Rd1 Re8 
25.Kf1 Re5 26.g4 h5 27.gxh5 g4 28.Be2 Rf5 29.g3 
Rxf2+ 30.Ke1 Ne4 31.Qe3 1-0

[Event "HCL-A2593"]
[Site "www.playchess.de"]
[Date "2006.03.02"]
[Round "8"]
[White "foinaven"]
[Black "normand"]
[WhiteElo "1426"]
[BlackElo "1700"]
[PlyCount "66"]
[Result "0-1"]

1.d4 d5 2.e4 {oops}  dxe4 3.Nc3 Nf6 4.f3 exf3 
5.Nxf3 Bg4 6.h3 Bh5 7.g4 Bg6 8.Ne5 Be4 9.Nxe4 Nxe4 
10.Qf3 Nd6 11.Bc4 e6 12.O-O Qe7 13.Bb5+ c6 
14.Bxc6+ bxc6 15.Bd2 {My last move was very 
bad....}  a5 16.c4 Ra7 17.g5 g6 18.c5 Nf5 19.Bc3 
Qxg5+ 20.Kh2 Bg7 21.Nxc6 Nxc6 22.Qxc6+ Rd7 23.Rfg1 
Qf4+ 24.Kg2 Ne3+ 25.Kh1 O-O 26.Qxd7 Qf3+ 27.Kh2 
Bh6 28.Be1 Nf1+ 29.Rxf1 Qxf1 30.h4 Bf4+ 31.Bg3 
Qf2+ 32.Kh1 Bxg3 33.Qc6 Qh2+ 0-1

[Event "HCL-M844"]
[Site "www.playchess.de"]
[Date "2006.03.02"]
[Round "33"]
[White "spidey"]
[Black "edmonte"]
[WhiteElo "1897"]
[BlackElo "2158"]
[PlyCount "39"]
[Result "1-0"]

1.e4 {hello once again.}  e5 2.Nf3 Nc6 3.Bb5 a6 
4.Ba4 Nf6 5.O-O Nxe4 6.d4 b5 7.Bb3 d5 8.Nxe5 Nxe5 
9.dxe5 c6 10.Be3 Nc5 11.f4 Be7 12.f5 O-O 13.f6 
gxf6 14.exf6 Nxb3 15.fxe7 Qxe7 16.Bh6 Nxa1 17.Qd4 
Qa7 18.Qxa7 Rxa7 19.Rf3 Bg4 20.Rg3 1-0

[Event "HCL-M883"]
[Site "www.playchess.de"]
[Date "2006.03.02"]
[Round "1"]
[White "cinephos"]
[Black "temple"]
[WhiteElo "2072"]
[BlackElo "1731"]
[PlyCount "55"]
[Result "1-0"]

1.e4 e5 2.Nf3 Nf6 3.Nxe5 Qe7 4.d4 d6 5.Nf3 Qxe4+ 
6.Be2 Be7 7.O-O O-O 8.c4 Nc6 9.Nc3 Qf5 10.Bd3 Qd7 
11.Re1 d5 12.c5 a6 13.a3 b6 14.cxb6 cxb6 15.Ne5 
Nxe5 16.dxe5 Ne4 17.Nxd5 Qxd5 18.Bxe4 Qxd1 19.Rxd1 
Rb8 20.Be3 Be6 21.Rac1 Rfd8 22.Rxd8+ Bxd8 23.b4 
Rc8 24.Rd1 a5 25.bxa5 bxa5 26.Bb7 Rb8 27.Ba7 Bb3 
28.Rd6 1-0

[Event "HCL-B3888"]
[Site "www.playchess.de"]
[Date "2006.03.02"]
[Round "1"]
[White "ArieL"]
[Black "riziotis"]
[WhiteElo "1200"]
[BlackElo "1283"]
[PlyCount "37"]
[Result "1-0"]

1.e4 e5 {hello and good luck}  2.Nf3 Nc6 3.Nc3 Nf6 
4.a3 Bc5 5.Bc4 O-O 6.Qe2 Nd4 7.Qd3 Ng4 8.O-O h5 
9.h3 Nxf2 10.Rxf2 Nxf3+ 11.Qxf3 Bxf2+ 12.Qxf2 d6 
13.d3 Be6 14.Qg3 h4 15.Qf3 Bxc4 16.dxc4 c5 17.Qg4 
Qf6 18.Bg5 Qg6 19.Nd5 1-0

[Event "HCL-C4194"]
[Site "www.playchess.de"]
[Date "2006.03.02"]
[Round "5"]
[White "Erbse"]
[Black "alexberk78"]
[WhiteElo "1000"]
[BlackElo "800"]
[PlyCount "91"]
[Result "1/2-1/2"]

1.e4 e5 2.Bc4 Nf6 3.d3 d5 4.exd5 Nxd5 5.Qf3 c6 
6.Nc3 Qa5 7.Bd2 Qc5 8.Nxd5 cxd5 9.Qxd5 Qxd5 
10.Bxd5 Nc6 11.O-O-O Be6 12.Bxe6 fxe6 13.Re1 Rd8 
14.Bg5 Be7 15.h4 Bxg5+ 16.hxg5 O-O 17.Nf3 Rd5 
18.Rh4 Rf4 19.Reh1 Rxh4 20.Rxh4 Ne7 21.c4 Rc5 
22.b4 Rc7 23.Nxe5 Nf5 24.Re4 b5 25.g4 Nd6 26.Rd4 
Nf7 27.Nf3 e5 28.Re4 a6 29.c5 Rc6 30.d4 Rg6 
31.dxe5 Nxg5 32.Nxg5 Rxg5 33.e6 Kf8 34.e7+ Ke8 
35.c6 Rg6 36.Re2 Rxc6+ 37.Rc2 Rxc2+ 38.Kxc2 Kxe7 
39.Kc3 Ke6 40.Kd4 g6 41.g5 Kd6 42.Ke4 h5 43.Kf4 
Kd5 44.Ke3 {(offering draw)}  Kc4 45.f4 Kd5 46.Kd3 
{(offering draw) its boring...} 
 1/2-1/2

[Event "HCL-A2590"]
[Site "www.playchess.de"]
[Date "2006.03.02"]
[Round "20"]
[White "Jule"]
[Black "hal1958"]
[WhiteElo "1362"]
[BlackElo "1421"]
[PlyCount "78"]
[Result "0-1"]

1.e4 {Hi again. Good luck}  d6 2.Nc3 Nf6 3.d4 g6 
4.Nf3 Bg7 5.Bc4 O-O 6.O-O a6 7.a4 Nc6 8.Be3 Bg4 
9.h3 Bxf3 10.Qxf3 Nd7 11.Rfd1 e6 12.Rab1 Nb6 
13.Bb3 Na5 14.Ba2 Rc8 15.b3 Qe7 16.Qe2 Nd7 17.Rd2 
c5 18.Qd3 Nc6 19.Ne2 Nb4 20.Qc4 Nxa2 21.c3 cxd4 
22.Qd3 Nxc3 23.Nxc3 dxe3 24.fxe3 Rxc3 25.Qxd6 Qxd6 
26.Rxd6 Nc5 27.Rb6 Rb8 28.a5 Nxe4 29.Re1 Bh6 
30.Kh1 Rxe3 31.Rxe3 Bxe3 32.Rb4 Nf6 33.g4 Bd2 
34.Ra4 b5 35.Ra2 Bc3 36.Kg2 Rd8 37.Kf3 Rd3+ 38.Ke2 
Rxh3 39.Rc2 Nxg4 0-1

[Event "HCL-C4168"]
[Site "www.playchess.de"]
[Date "2006.03.02"]
[Round "4"]
[White "mudelta"]
[Black "rwdiamond"]
[WhiteElo "1163"]
[BlackElo "1243"]
[PlyCount "34"]
[Result "0-1"]

1.e4 e5 2.Nf3 Nc6 3.Bb5 Nf6 4.Bxc6 dxc6 5.c4 Nxe4 
6.Nxe5 Qf6 7.Nd3 Bc5 8.O-O O-O 9.Nc3 Nxc3 10.bxc3 
Bd6 11.Bb2 Qh6 12.g3 Qg6 13.c5 Qxd3 14.cxd6 cxd6 
15.c4 Qxc4 16.d3 Qd5 17.Qf3 Qxf3 0-1

[Event "HCL-B3872"]
[Site "www.playchess.de"]
[Date "2006.03.02"]
[Round "12"]
[White "fighter"]
[Black "adelar"]
[WhiteElo "1330"]
[BlackElo "1342"]
[PlyCount "41"]
[Result "1-0"]

1.e4 e5 2.Nf3 Nc6 3.Bb5 a6 4.Bc4 Bc5 5.c3 Nf6 
6.Ng5 O-O 7.b4 Ba7 8.d3 h6 9.Nxf7 Rxf7 10.Bxf7+ 
Kxf7 11.f4 d5 12.Rf1 Bg4 13.Qb3 Kg6 14.h3 Bd7 
15.exd5 Ne7 16.c4 c5 17.fxe5 Nh5 18.e6 Bc8 19.Qd1 
Qe8 20.Qg4+ Kh7 21.Rf7 1-0

[Event "HCL-B3799"]
[Site "www.playchess.de"]
[Date "2006.03.02"]
[Round "12"]
[White "taroak"]
[Black "MasterStefan"]
[WhiteElo "1450"]
[BlackElo "1241"]
[PlyCount "65"]
[Result "1-0"]

1.d4 d5 2.Nc3 Nf6 3.Bg5 e6 4.f3 Nc6 5.Qd2 Bb4 6.e4 
Bxc3 7.bxc3 h6 8.Bxf6 Qxf6 9.Bd3 dxe4 10.fxe4 O-O 
11.Nf3 Re8 12.O-O a6 13.Rf2 Bd7 14.Raf1 Rad8 
15.Ne5 Qg5 16.Qxg5 hxg5 17.Nxf7 Rdc8 18.Nxg5 Ref8 
19.Bc4 Rce8 20.Bxe6+ Bxe6 21.R2xf8+ Rxf8 22.Rxf8+ 
Kxf8 23.Nxe6+ Kf7 24.Nxc7 Na5 25.Kf2 Nc4 26.Nd5 
Na3 27.Ne3 Nb1 28.c4 Nc3 29.Kf3 Nxa2 30.d5 Nc1 
31.e5 Ke7 32.Nf5+ Kf7 33.Nd6+ 1-0

[Event "HCL-A2573"]
[Site "www.playchess.de"]
[Date "2006.03.02"]
[Round "12"]
[White "M45"]
[Black "Andy1"]
[WhiteElo "1426"]
[BlackElo "1488"]
[PlyCount "78"]
[Result "0-1"]

1.f4 {Hi, hope you enjoy the game.}  d5 2.Nf3 Nc6 
3.b3 Bg4 4.e3 e5 5.h3 Bxf3 6.Qxf3 e4 7.Qf2 Be7 
8.Bb2 Nf6 9.Bb5 Qd7 10.O-O O-O 11.Be2 Rfe8 12.Kh1 
a6 13.g4 Ref8 14.g5 Qxh3+ 15.Kg1 Ng4 16.Qg2 Qxg2+ 
17.Kxg2 f5 18.Rh1 h6 19.Bxg4 fxg4 20.gxh6 gxh6 
21.Rxh6 Kf7 22.Rh7+ Ke6 23.d3 Nb4 24.Na3 exd3 
25.Rxe7+ Kxe7 26.c3 Nc2 27.Nxc2 dxc2 28.Ba3+ Kf6 
29.Bxf8 Rxf8 30.Rc1 Re8 31.Rxc2 Rxe3 32.c4 c6 
33.cxd5 cxd5 34.Rd2 Ke6 35.Rf2 Kf5 36.Rd2 Ke4 
37.f5 Rf3 38.Rf2 Rxf2+ 39.Kxf2 
Kxf5 0-1

[Event "HCL-B3872"]
[Site "www.playchess.de"]
[Date "2006.03.02"]
[Round "4"]
[White "ama49"]
[Black "Tofik"]
[WhiteElo "1138"]
[BlackElo "1346"]
[PlyCount "33"]
[Result "1-0"]

1.e4 {Hello again}  e5 {Hi}  2.Nf3 Nc6 3.d4 exd4 
4.Nxd4 Bc5 5.Be3 Qf6 6.Qd3 Nge7 7.c3 O-O 8.Nd2 d6 
9.Nxc6 Nxc6 10.Bxc5 dxc5 11.Nc4 Be6 12.Ne3 Rad8 
13.Qc2 Ne5 14.Be2 Qg6 15.O-O Rd7 16.Rad1 Bxa2 
17.b3 1-0

[Event "HCL-B3907"]
[Site "www.playchess.de"]
[Date "2006.03.02"]
[Round "20"]
[White "dg"]
[Black "nico21"]
[WhiteElo "1243"]
[BlackElo "1542"]
[PlyCount "70"]
[Result "0-1"]

1.e4 c5 2.Nf3 d6 3.d4 cxd4 4.Nxd4 Nf6 5.Nc3 e5 
6.Nf3 Nc6 7.Bc4 h6 8.h3 a6 9.a3 b5 10.Bd5 Qc7 
11.O-O Bb7 12.Be3 Nxd5 13.Nxd5 Qd8 14.Bb6 Qc8 
15.Be3 Be7 16.Nb6 Qb8 17.Nxa8 Qxa8 18.Nd2 O-O 
19.Qf3 Bf6 20.c3 Ne7 21.Qg4 Bc8 22.Qg3 Ng6 23.Qf3 
Bb7 24.Rfe1 d5 25.Bc5 Rd8 26.b4 dxe4 27.Nxe4 Kh8 
28.Ra2 Nf4 29.Qg4 Bxe4 30.g3 Bf3 31.Qf5 Nd3 32.Re3 
Nxb4 33.Rae2 Bxe2 34.Rxe2 Rd1+ 35.Kh2 {big 
misstake frome me , i dident think there}  
Qh1+ 0-1

[Event "HCL-M863"]
[Site "www.playchess.de"]
[Date "2006.03.02"]
[Round "8"]
[White "Hassell"]
[Black "Duke01"]
[WhiteElo "2229"]
[BlackElo "1680"]
[PlyCount "77"]
[Result "1-0"]

1.e4 {Hi, pleased to meet you.}  c5 2.Nf3 d6 3.d4 
cxd4 4.Nxd4 Nf6 5.Nc3 g6 6.Be3 Bg7 7.f3 Nc6 8.Qd2 
O-O 9.Bc4 Bd7 10.h4 a6 11.Bb3 Nxd4 12.Bxd4 Bc6 
13.h5 e5 14.Be3 gxh5 15.O-O-O a5 16.Bh6 a4 17.Qg5 
Ne8 18.Qxh5 Qf6 19.Bg5 Qg6 20.Qxg6 hxg6 21.Nd5 
Bxd5 22.Bxd5 Nc7 23.Bxb7 Rab8 24.Bc6 Ne6 25.Be7 
Rfc8 26.Bxd6 Rb6 27.Bxa4 Nd4 28.Be7 Ne2+ 29.Kd2 
Ng3 30.Rh3 Nh5 31.Bb3 Rxb3 32.axb3 Bh6+ 33.Ke1 Kg7 
34.c4 Be3 35.Ke2 Bd4 36.Rh2 Bxb2 37.g4 Nf4+ 38.Ke3 
Bd4+ 39.Rxd4 1-0

[Event "HCL-E1562"]
[Site "www.playchess.de"]
[Date "2006.03.02"]
[Round "8"]
[White "Josef1901"]
[Black "pkchess"]
[WhiteElo "1573"]
[BlackElo "1674"]
[PlyCount "58"]
[Result "1/2-1/2"]

1.d4 Nf6 {Hello,Have a good game!It's -4C here and 
windy.}  2.c4 {Hi! good luck. We have -17C here 
but the sun is shining :-)}  g6 3.Nc3 Bg7 4.e4 d6 
5.Be3 O-O 6.f3 Nc6 7.Bd3 e5 8.d5 Ne7 9.Nge2 Nd7 
10.Qd2 f5 11.exf5 Nxf5 12.Bg5 Qe8 13.Bxf5 Rxf5 
14.Ng3 Rf7 15.O-O Nc5 16.b4 Na4 17.Nge4 Nxc3 
18.Qxc3 Bf5 19.Qe3 a5 20.a3 Bxe4 21.Qxe4 Rf8 22.b5 
Rf5 23.Be3 Qd7 24.a4 b6 25.g4 Rf7 26.Kg2 Raf8 
27.Rf2 Qe7 28.Raf1 Qh4 29.h3 Bh6 {(offering draw)} 
 1/2-1/2

[Event "HCL-C4153"]
[Site "www.playchess.de"]
[Date "2006.03.02"]
[Round "17"]
[White "nichju"]
[Black "spartan1"]
[WhiteElo "1096"]
[BlackElo "883"]
[PlyCount "72"]
[Result "0-1"]

1.e4 e5 2.Nf3 Nc6 3.Bc4 Nf6 4.c3 Nxe4 5.O-O Bc5 
6.d3 Nf6 7.Be3 Bxe3 8.fxe3 Ng4 9.Re1 d6 10.d4 e4 
11.Nfd2 O-O 12.Nxe4 d5 13.Bd3 dxe4 14.Bxe4 Qd6 
15.Qf3 Qxh2+ 16.Kf1 Qd6 17.Qh3 Nh2+ 18.Qxh2 Qxh2 
19.Nd2 Bg4 20.d5 Ne5 21.Kf2 Qh4+ 22.g3 Qh2+ 23.Bg2 
Nd3+ 24.Kf1 Nxe1 25.Rxe1 Qxg3 26.Ne4 Qe5 27.Nf2 
Qf6 28.e4 Rae8 29.Kg1 Bf3 30.Bxf3 Qxf3 31.a4 a5 
32.c4 Qb3 33.e5 Qxc4 34.d6 cxd6 35.b3 Qxb3 36.Ng4 
Qg3+ 0-1

[Event "HCL-C4120"]
[Site "www.playchess.de"]
[Date "2006.03.02"]
[Round "7"]
[White "nichju"]
[Black "VITAL"]
[WhiteElo "1072"]
[BlackElo "1293"]
[PlyCount "82"]
[Result "0-1"]

1.e4 {Hallo und viel Glück}  e5 {hallo}  2.Nf3 Qf6 
3.d4 exd4 4.e5 Qf5 5.Bd3 Qg4 6.O-O f6 7.exf6 Nxf6 
8.h3 Qh5 9.Re1+ Be7 10.Qe2 Nc6 11.Bb5 Qc5 12.Bg5 
Rf8 13.Nbd2 Rf7 14.Ne4 Nxe4 15.Qxe4 Qxb5 16.Bxe7 
Nxe7 17.Ng5 Qxg5 18.Qxh7 d6 19.Qg8+ Rf8 20.Qh7 Bf5 
21.h4 Qxg2+ 22.Kxg2 Bxh7 23.Rad1 Bxc2 24.Rxd4 Rf7 
25.h5 O-O-O 26.Re3 Rdf8 27.Ra3 R7xf2+ 28.Kg3 a6 
29.b4 R2f1 30.b5 Nf5+ 31.Kg4 Nxd4 32.bxa6 Bd1+ 
33.Kg3 Ne2+ 34.Kh4 R8f4+ 35.Kh3 bxa6 36.Rxa6 R4f5 
37.Ra8+ Kb7 38.Ra4 Rxh5+ 39.Kg4 Nc3+ 40.Kg3 Nxa4 
41.a3 Rg5+ 0-1

[Event "HCL-C4153"]
[Site "www.playchess.de"]
[Date "2006.03.02"]
[Round "3"]
[White "nichju"]
[Black "nicola"]
[WhiteElo "1096"]
[BlackElo "1111"]
[PlyCount "68"]
[Result "0-1"]

1.e4 {Greetings from Germany and good luck}  e6 
{ty, gl to you too}  2.d4 b6 3.Nf3 Bb7 4.e5 h6 
5.Bc4 Nc6 6.c3 d6 7.Bf4 dxe5 8.dxe5 Qxd1+ 9.Kxd1 
O-O-O+ 10.Nbd2 Na5 11.b4 Nxc4 12.Kc2 Nxd2 13.Nxd2 
Bxg2 14.Rhd1 g5 15.Be3 Bg7 16.Nc4 Rxd1 17.Rxd1 Ne7 
18.a4 Rd8 19.Rg1 Be4+ 20.Kb3 Nd5 21.a5 Nxe3 
22.fxe3 Bd5 23.Rf1 Rd7 24.axb6 cxb6 25.b5 Bxe5 
26.Kb4 Bxc4 27.Kxc4 h5 28.Kb3 f5 29.Ra1 Kb7 30.Rc1 
g4 31.c4 Rd3+ 32.Kb4 Rxe3 33.c5 bxc5+ 34.Rxc5 
Bd6 0-1

[Event "HCL-M843"]
[Site "www.playchess.de"]
[Date "2006.03.02"]
[Round "5"]
[White "Charles_Allen"]
[Black "Southbourne_Chess"]
[WhiteElo "1876"]
[BlackElo "2018"]
[PlyCount "86"]
[Result "0-1"]

1.e4 {Looking forward to an interesting game.}  c5 
{Me too - have a good game.}  2.d4 cxd4 3.c3 Nf6 
4.e5 Nd5 5.Nf3 d6 6.Bc4 Nb6 7.Bb3 Nc6 8.exd6 Qxd6 
9.O-O Be6 10.Na3 dxc3 11.Qe2 Bxb3 12.Nb5 Qb8 
13.axb3 e5 14.bxc3 Be7 {I don't understand this - 
just copying John Nunn's opening book!}  15.Bg5 
{If you have a book with this in it, you're a step 
ahead of me!}  f6 16.Be3 Nd5 17.Nh4 a6 18.Qh5+ Kf8 
19.Ng6+ hxg6 20.Qxh8+ Kf7 21.Qxb8 Rxb8 22.Na7 {I 
think your book trumps the couple of games I found 
in this line.}  Nd8 {This is an interesting line.} 
 23.Bd2 Ne6 24.b4 {Yes, I like the unbalanced 
nature, but white doesn't seem to have much in the 
way choices the last several moves.}  Ra8 25.Nb5 
Rd8 26.Na7 Nxb4 27.cxb4 Rxd2 28.b5 axb5 29.Nxb5 
Bc5 30.Rfd1 Rxf2 31.Nd6+ Ke7 32.Nxb7 Be3 33.Kh1 
Rc2 34.Ra4 f5 35.Nd6 Bc5 36.Nc4 Kf6 37.Nd2 e4 
38.Rc4 Rxc4 39.Nxc4 e3 40.Nb2 Ke5 41.Nd3+ Ke4 
42.Nc1 Nd4 43.g3 g5 0-1

[Event "HCL-E1581"]
[Site "www.playchess.de"]
[Date "2006.03.02"]
[Round "10"]
[White "Josef"]
[Black "guanzi"]
[WhiteElo "1641"]
[BlackElo "1614"]
[PlyCount "43"]
[Result "1-0"]

1.d4 Nf6 2.Nf3 e6 3.c4 b6 4.g3 Bb7 5.Bg2 c5 6.e3 
cxd4 7.exd4 d5 8.Nbd2 Nc6 9.O-O Be7 10.Re1 O-O 
11.b3 dxc4 12.Nxc4 Qd7 13.Nfe5 Nxe5 14.dxe5 Nd5 
15.Qg4 Kh8 16.Bb2 Rfg8 17.Rad1 Qc7 18.Be4 h6 
19.Qh5 Rgf8 20.Nd6 Bxd6 21.exd6 Qxd6 
22.Qxh6+ 1-0

[Event "HCL-T264"]
[Site "www.playchess.de"]
[Date "2006.03.02"]
[Round "2"]
[White "Wilmy"]
[Black "stevetilbury"]
[WhiteElo "1248"]
[BlackElo "1645"]
[PlyCount "23"]
[Result "1-0"]

1.e4 e5 2.Nf3 Nc6 3.Bb5 a6 4.Bc4 Nf6 5.Nc3 Bc5 
6.d3 O-O 7.Bg5 b5 8.Bd5 Bb7 9.Nxe5 Qe7 10.Ng4 Na5 
11.f4 Bxd5 12.Nxd5 1-0

[Event "HCL-A2584"]
[Site "www.playchess.de"]
[Date "2006.03.02"]
[Round "6"]
[White "tuGGy"]
[Black "badplayer"]
[WhiteElo "1515"]
[BlackElo "1581"]
[PlyCount "79"]
[Result "1-0"]

1.g4 d5 2.Bg2 Bxg4 3.c4 Nf6 4.Nc3 c6 5.cxd5 Nxd5 
6.Nf3 g6 7.O-O Bg7 8.d4 O-O 9.e4 Nb6 10.Be3 Nc4 
11.Qb3 Nb6 12.Rad1 Qc7 13.h3 Bh5 14.Rd2 N8d7 15.a4 
Nc8 16.Rc1 Qb6 17.Qa2 Qb4 18.e5 Ncb6 19.Ne4 Nd5 
20.Qc4 a5 21.Rdc2 Nxe3 22.fxe3 Nb6 23.Qxb4 axb4 
24.b3 Nd5 25.Kf2 f6 26.e6 Rfc8 27.Nc5 Nc7 28.Nxb7 
Nxe6 29.R2xc6 Rxc6 30.Rxc6 Rb8 31.Nc5 Nxc5 32.dxc5 
e5 33.Rb6 Rc8 34.c6 Bf8 35.Nd2 Bd1 36.Bd5+ Kg7 
37.Rb7+ Kh6 38.Ne4 f5 39.Nf6 Bg7 
40.Ng8+ 1-0

[Event "HCL-A2584"]
[Site "www.playchess.de"]
[Date "2006.03.02"]
[Round "8"]
[White "Grand73Am"]
[Black "Sobral"]
[WhiteElo "1436"]
[BlackElo "1381"]
[PlyCount "58"]
[Result "1-0"]

1.e4 c5 2.Bc4 e6 3.Nf3 Nc6 4.O-O d6 5.c3 Nf6 6.Re1 
Be7 7.d3 O-O 8.a3 d5 9.Bb3 dxe4 10.dxe4 Qxd1 
11.Bxd1 Rd8 12.Bc2 e5 13.Nbd2 b6 14.Nc4 Nd7 15.Rd1 
f6 16.Bb3 Kh8 17.Nd6 Bxd6 18.Rxd6 Ndb8 19.Rxd8+ 
Nxd8 20.Be3 Be6 21.Rd1 Nbc6 22.Bxe6 Nxe6 23.h3 Rd8 
24.Rxd8+ Nexd8 25.Nd2 Na5 26.f4 c4 27.fxe5 fxe5 
28.Nf3 Ndc6 29.Ng5 Nd8 1-0

[Event "HCL-E1480"]
[Site "www.playchess.de"]
[Date "2006.03.02"]
[Round "11"]
[White "Glomp"]
[Black "Andy1"]
[WhiteElo "1636"]
[BlackElo "1474"]
[PlyCount "92"]
[Result "0-1"]

1.e4 {Hallo wieder einmal!}  d5 {Hallo}  2.exd5 
Nf6 3.d4 Nxd5 4.Nf3 Bg4 5.Be2 Nc6 6.O-O e6 7.c4 
Nf6 8.Nc3 h6 9.Be3 Be7 10.Qd2 O-O 11.Rad1 Bb4 
12.Qc2 Qe7 13.a3 Bxc3 14.Qxc3 a6 15.h3 Bf5 16.Rfe1 
Ne4 17.Qb3 Na5 18.Qa4 b6 19.Nd2 Rfd8 20.Nxe4 Bxe4 
21.Bd3 Bxd3 22.Rxd3 Qf6 23.Rc3 Nb7 24.Qc2 Rd7 
25.b4 a5 26.Qe4 Rb8 27.Rd3 Nd6 28.Qc6 Rbd8 29.c5 
Nf5 30.cxb6 cxb6 31.Qxb6 axb4 32.axb4 Qg6 33.Rc3 
Nh4 34.g3 Nf3+ 35.Kf1 Nxe1 36.Kxe1 Qe4 37.h4 R7xd4 
38.Rc1 R4d6 39.Qa5 Qf3 40.Qa4 R6d3 41.Qc2 R8d5 
42.b5 Qe4 43.Qb1 Rxe3+ 44.fxe3 Qxe3+ 45.Kf1 g6 
46.b6 Rd2 0-1

[Event "HCL-E1562"]
[Site "www.playchess.de"]
[Date "2006.03.02"]
[Round "7"]
[White "pkchess"]
[Black "Mosaik"]
[WhiteElo "1674"]
[BlackElo "1583"]
[PlyCount "61"]
[Result "1-0"]

1.e4 {Hello from Ontario,Canada. It's -4C and 
windy here.}  e6 2.d4 d5 3.Nd2 c5 4.Ngf3 Nc6 5.Bb5 
Bd7 6.exd5 exd5 7.O-O Qb6 8.Re1+ Nge7 9.Bxc6 Bxc6 
10.dxc5 Qxc5 11.Nb3 Qd6 12.Ne5 g6 13.Qf3 f5 14.Bf4 
Qf6 15.Nxc6 bxc6 16.Be5 Qf7 17.Bxh8 Bg7 18.Bxg7 
Qxg7 19.Qe3 g5 20.Qe6 Kf8 21.Nc5 Qf7 22.Qxf7+ Kxf7 
23.Re2 a5 24.Rae1 Ng6 25.Nd3 Rc8 26.Ne5+ Kf6 
27.Nxg6 Kxg6 28.R2e6+ Kh5 29.R6e8 Rc7 30.R1e7 Rxe7 
31.Rxe7 1-0

[Event "HCL-E1579"]
[Site "www.playchess.de"]
[Date "2006.03.02"]
[Round "7"]
[White "Harijs"]
[Black "Maccdavid"]
[WhiteElo "1846"]
[BlackElo "1597"]
[PlyCount "40"]
[Result "1-0"]

1.d4 {hi}  e6 {hi}  2.e4 b6 3.c4 Bb7 4.Nc3 Bb4 
5.e5 Nc6 6.a3 Bxc3+ 7.bxc3 Nge7 8.Nf3 Ng6 9.Bd3 
Nce7 10.h4 Bxf3 11.Qxf3 Rb8 12.h5 Nf8 13.h6 g6 
14.Bg5 c5 15.d5 d6 16.Bf6 Rg8 17.exd6 Qxd6 18.O-O 
Nd7 19.Rfe1 Nxf6 20.Qxf6 exd5 1-0

[Event "HCL-B3854"]
[Site "www.playchess.de"]
[Date "2006.03.02"]
[Round "7"]
[White "arsenic"]
[Black "Ivan_Lacerda"]
[WhiteElo "1051"]
[BlackElo "1203"]
[PlyCount "62"]
[Result "0-1"]

1.e4 c5 2.Nf3 a6 3.c4 Nc6 4.Be2 h6 5.O-O d6 6.Nc3 
e5 7.Nd5 Nf6 8.d3 Nxd5 9.cxd5 Nd4 10.Nxd4 cxd4 
11.f4 Be7 12.fxe5 dxe5 13.Bh5 O-O 14.Qf3 f6 15.Bg6 
Bd7 16.h4 Be8 17.Bf5 h5 18.g4 g6 19.Be6+ Kg7 
20.gxh5 gxh5 21.Qg3+ Kh7 22.Qf3 Bg6 23.Bf5 Rg8 
24.Bxg6+ Rxg6+ 25.Kh2 Rg4 26.Qf5+ Kg7 27.Qxh5 Rg6 
28.Bd2 Qh8 29.Qxh8+ Rxh8 30.Kh3 f5 31.exf5 
Rxh4+ 0-1